FAFT Countries - Statistics

General Stats
  • This quiz has been taken 157 times
    154 since last reset
  • The average score is 28 of 32
Answer Stats
Country % Correct
United Kingdom
99%
United States
99%
China
98%
France
97%
Germany
97%
Australia
96%
Brazil
96%
Canada
96%
Japan
96%
Russia
95%
Spain
94%
Argentina
93%
Finland
93%
Italy
93%
Sweden
93%
Norway
92%
Belgium
90%
Mexico
90%
New Zealand
88%
Denmark
87%
Greece
87%
Portugal
87%
Netherlands
85%
Austria
83%
Switzerland
83%
Turkey
82%
Iceland
81%
Ireland
81%
South Africa
81%
Luxembourg
77%
Singapore
58%
Hong Kong
25%
No matching quizzes found
Score Distribution
Percent of People with Each Score
Percentile by Number Answered
Your Score History
You have not taken this quiz since the last reset